000 00337nab a22001097u 4500
008 130520b2006 xxu||||| |||| 00| 0 spa d
041 _aspa
100 1 _aPulido, Alberto
_976225
245 0 0 _aMigración desde las Américas y el Caribe
_cAlberto Pulido
773 0 _tConcilium
_gnº318,2006,págs. 151-154
_x0210-1041
_wRev134
942 _cAR
999 _c379601
_d379601